| 000 | 01063nam a2200265 a 4500 | ||
|---|---|---|---|
| 001 | 001061054 | ||
| 003 | AM-YeHGA | ||
| 005 | 20250618074351.0 | ||
| 008 | 150317s2007 ai r 000 0 arm d | ||
| 020 | _a9789993048206 | ||
| 040 | _aAM-YeHGA | ||
| 041 | 0 | _aarm | |
| 100 | 1 | _aՄարգարյան, Նազելի Խաչիկի | |
| 245 | 1 | 0 |
_aՀայնրիխ Հայնեն և հայ գրականությունը / _cՆազելի Մարգարյան. |
| 246 | 1 | 5 | _aHeinrich Heine und armenische Literatur |
| 246 | 1 | 5 | _aГенрих Гайне и армянская литература |
| 260 |
_aԵրևան : _bՀեղ. հրատ., _c2007. |
||
| 300 | _a181 էջ. | ||
| 500 | _aԳիրքը Նվիրում եմ հորս՝ Խաչիկ Վահանի Մարգարյանի հիշատակին | ||
| 504 | _aՄատենագիտ. էջ՝ 177-180 | ||
| 600 | 1 | 4 |
_aՀայնե, Հայնրիխ, _d1797-1856 _94069 |
| 650 | 1 | 4 |
_aԳերմանական գրականություն _95149 |
| 650 | 1 | 4 |
_aՀայ գրականության պատմություն _94711 |
| 090 | _c346811 | ||
| 999 |
_c345013 _d345013 |
||